[Event "St Petersburg Korchnoi Memorial op"]
[Site "St Petersburg"]
[Date "2024.08.19"]
[Round "5"]
[White "Ozerov, Yaroslav Mikh"]
[Black "Aminov, Ilyas"]
[Result "1/2-1/2"]
[WhiteElo "1598"]
[BlackElo "1682"]
[PlyCount "107"]
[EventDate "2024.08.17"]
[EventType "swiss"]
[EventRounds "9"]
[EventCountry "RUS"]
[SourceTitle "EXT 2025"]
[Source "ChessBase"]
[SourceDate "2024.10.14"]
[SourceVersion "1"]
[SourceVersionDate "2024.10.14"]
[SourceQuality "1"]

1. e4 e6 2. d4 d5 3. exd5 exd5 4. Bd3 Bd6 5. Nf3 Ne7 6. 0-0 0-0 7. Re1 Bf5 8. Bg5 f6 9. Bh4 c6 10. Bg3 Bxg3 11. hxg3 Bxd3 12. Qxd3 Nd7 13. Nbd2 Re8 14. Re3 Nc8 15. Rxe8+ Qxe8 16. Re1 Qf8 17. c4 dxc4 18. Qxc4+ Qf7 19. Re8+ Nf8 20. a4 Nb6 21. Qxf7+ Kxf7 22. Rxa8 Nxa8 23. b3 Nb6 24. Ne4 Nc8 25. Kf1 Ne6 26. Ke2 f5 27. Nc3 Ne7 28. Ne5+ Kf6 29. Nd7+ Kf7 30. Ke3 g6 31. f4 Ke8 32. Nf6+ Kf7 33. Nxh7 Kg7 34. Ng5 Nxg5 35. fxg5 Kf7 36. Ne2 Ke6 37. Nf4+ Kd6 38. Kd3 a5 39. Kc4 b6 40. b4 axb4 41. Kxb4 Nd5+ 42. Nxd5 Kxd5 43. Kc3 Ke4 44. Kc4 b5+ 45. axb5 cxb5+ 46. Kxb5 Kxd4 47. Kc6 Ke3 48. Kd6 Kf2 49. Ke5 Kxg3 50. Kf6 Kxg2 51. Kxg6 f4 52. Kh6 f3 53. g6 f2 54. g7 1/2-1/2

[Event "St Petersburg Korchnoi Memorial op"]
[Site "St Petersburg"]
[Date "2024.08.18"]
[Round "3"]
[White "Ozerov, Yaroslav Mikh"]
[Black "Bogdan, David"]
[Result "0-1"]
[WhiteElo "1598"]
[BlackElo "1803"]
[PlyCount "136"]
[EventDate "2024.08.17"]
[EventType "swiss"]
[EventRounds "9"]
[EventCountry "RUS"]
[SourceTitle "CBM 221 Extra"]
[Source "ChessBase"]
[SourceDate "2024.09.30"]
[SourceVersion "1"]
[SourceVersionDate "2024.09.30"]
[SourceQuality "1"]

1. e4 c5 2. Nf3 Nc6 3. d4 cxd4 4. Nxd4 Nf6 5. Nc3 e5 6. Ndb5 d6 7. Bg5 a6 8. Na3 b5 9. Nd5 Be7 10. Bxf6 Bxf6 11. c3 Bg5 12. Nc2 Rb8 13. a4 bxa4 14. Ncb4 Nxb4 15. cxb4 Bd7 16. Bxa6 0-0 17. h4 Bh6 18. Qd3 Kh8 19. b5 f5 20. f3 fxe4 21. fxe4 Qe8 22. Rf1 Qg6 23. g3 Bh3 24. Rf2 Qg4 25. Rf5 Rxf5 26. exf5 e4 27. Qd4 Qxg3+ 28. Kd1 Qb3+ 29. Ke1 Qf3 30. Qg1 e3 31. Nc3 e2 32. b6 Be3 33. Bxe2 Bxg1 34. Bxf3 Bxb6 35. Rxa4 Bxf5 36. Nd5 Bd8 37. b4 Bxh4+ 38. Kd1 g5 39. Ne3 Be6 40. Ke2 Kg7 41. Ra7+ Kf6 42. Rxh7 Rxb4 43. Rh6+ Ke5 44. Rh7 Bg3 45. Re7 Kf6 46. Re8 Ra4 47. Bc6 Ra3 48. Rh8 Bf4 49. Nd5+ Bxd5 50. Bxd5 Ke5 51. Bf3 Kd4 52. Rb8 Ra2+ 53. Kf1 Be3 54. Bg4 Ke5 55. Be2 d5 56. Re8+ Kd4 57. Rd8 Rd2 58. Ke1 Kc5 59. Rc8+ Kd6 60. Bf3 d4 61. Re8 Rb2 62. Be4 g4 63. Rg8 g3 64. Kd1 Ke5 65. Bc2 Kf4 66. Rf8+ Kg4 67. Bf5+ Kg5 68. Bc2 d3 0-1